| 000 | 01138cam a2200325 a 4500 | ||
|---|---|---|---|
| 001 | 12891186 | ||
| 003 | OSt | ||
| 005 | 20230620162541.0 | ||
| 008 | 020812s1999 enka 000 0 eng d | ||
| 010 | _a 2002442716 | ||
| 020 | _a0850926262 | ||
| 035 | _a(OCoLC)ocm44819589 | ||
| 040 |
_aWCL _cWCL _dDLC |
||
| 042 | _alccopycat | ||
| 043 | _af-sa--- | ||
| 082 | 0 | 0 |
_a324.96 _bCOM |
| 110 | 2 | _aCommonwealth Observer Group. | |
| 245 | 1 | 4 |
_aThe national and provincial elections in South Africa, 2 June 1999 / _cthe report of the Commonwealth Observer Group. |
| 246 | 3 | 0 | _aReport of the Commonwealth Observer Group |
| 260 |
_aLondon : _bCommonwealth Secretariat, _c1999. |
||
| 300 |
_a67 p. : _bill. ; _c30 cm. |
||
| 440 | 0 | _aCommonwealth Observer reports | |
| 650 | 0 |
_aElection monitoring _zSouth Africa. |
|
| 650 | 0 |
_aElections _zSouth Africa. |
|
| 651 | 0 |
_aSouth Africa _xPolitics and government _y1994- |
|
| 906 |
_a7 _bcbc _ccopycat _d2 _encip _f20 _gy-gencatlg |
||
| 942 |
_2ddc _cBK |
||
| 999 |
_c1922 _d1922 |
||